Diseño de la estructura de pavimento del tramo de carretera Valle Gothel - Proinco
Presenta el diseño de la estructura de pavimento del tramo de carretera Valle Gothel – Proinco mediante la elaboración de un estudio geotécnico en el cual se especifican los materiales que integran una estructura de pavimento flexible dando a conocer las propiedades que deben de cumplir con la cl...
| Main Authors: | , |
|---|---|
| Other Authors: | |
| Format: | Tesis Section = Libro |
| Language: | Undetermined Spanish |
| Published: |
Managua
UNI
2007
|
| Subjects: |
| LEADER | 01591nam a2200277Ia 4500 | ||
|---|---|---|---|
| 008 | 240830s9999 xx 000 0 und d | ||
| 040 | |a BIBLIOTECA-RUPAP T.Mon 625.8 C146 | ||
| 041 | |a spa | ||
| 082 | |a T.Mon 625.8 C146 | ||
| 100 | 1 | |a Calderón Cruz, Kenia Eunice | |
| 100 | 1 | |b Díaz López, Judith Candelaria | |
| 245 | 1 | 0 | |a Diseño de la estructura de pavimento del tramo de carretera Valle Gothel - Proinco |
| 260 | |a Managua |b UNI |c 2007 | ||
| 300 | |a 60 p. :il. | ||
| 500 | |a Contiene: anexos. | ||
| 502 | |a Tesis (Ingeniero Civil)- UNI, 2007. | ||
| 520 | 3 | |a Presenta el diseño de la estructura de pavimento del tramo de carretera Valle Gothel – Proinco mediante la elaboración de un estudio geotécnico en el cual se especifican los materiales que integran una estructura de pavimento flexible dando a conocer las propiedades que deben de cumplir con la clasificación del suelo según las ASSHTO, un estudio de tránsito en el cual se estimó el incremento del volumen anual o tasa de crecimiento tomando como referencia el crecimiento económico del país, la tasa de crecimiento poblacional y las variaciones de tránsito en los últimos años y se determinan cada uno de los espesores de las capas que integran la estructura del mismo basado las propiedades de los materiales. | |
| 650 | 7 | |a PAVIMENTOS | |
| 650 | 7 | |b PAVIMENTOS-DISEÑO Y CONSTRUCCIÓN | |
| 650 | 7 | |c PAVIMENTOS-CARRETERAS | |
| 650 | 7 | |d ESTUDIO DE SUELOS | |
| 650 | 7 | |e ESTUDIO DE TRÁNSITO | |
| 700 | 1 | |a Tutor: |b Morales Urbina, Israel | |
| 942 | |c BK |2 ddc | ||
| 991 | |a TESIS | ||
| 999 | |c 18195 | ||